000
00272nam a22001217a 4500
041
_a
ENG
100
_a
Shobhaa De
245
_a
Spous ( The truth about marriage )
260
_a
New Delhi
_b
Pengun Book
_c
2005
300
_a
287
650
_a
Marathi
856
_u
Marathi ( 33 )
999
_c
2242
_d
2242